| 000 | 00746nam a2200217Ia 4500 | ||
|---|---|---|---|
| 003 | GCL | ||
| 008 | 140319s9999 xx 000 0 ara d | ||
| 040 |
_aGCL / _cGCL |
||
| 082 | 0 | 4 |
_a301 _bن ع |
| 100 | 1 | _aنقولا الحداد | |
| 245 | 1 | 0 |
_aعلم الاجتماع: حياة الهيئة الاجتماعية وتطورها: الكتاب الاول : حياة الهيئة الاجتماعية / _cنقولا الحداد |
| 300 | _a362 ص | ||
| 490 | _a | ||
| 650 | 0 | 4 | _aالاجتماع |
| 650 | 0 | 4 | _aالانثربولوجيا |
| 650 | 0 | 4 | _aالتغير الاجتماعى |
| 650 | 0 | 4 | _aالنظم الاجتماعية |
| 650 | 0 | 4 | _aالاجتماع، علم |
| 650 | 0 | 4 | _aالمجتمعات البدائية |
| 942 |
_2ddc _cBK |
||
| 999 |
_c38523 _d38523 |
||